| 000 | 00934cam a2200265 a 4500 | ||
|---|---|---|---|
| 001 | 000011980 | ||
| 005 | 20200929162637.0 | ||
| 008 | 880608r20012001mx a b f001 0 spa | ||
| 020 | _a9701819519 | ||
| 040 |
_aDO-SdBNP _bspa _cLC _dBNPHU |
||
| 041 | 1 |
_aspamyn _hmyn _2Código de idioma MARC |
|
| 082 |
_a972.6501 _bL697c, 1998 |
||
| 245 | 0 | 0 |
_aLibro de Chilam Balam de Chumayel / _ctraducción Antonio Mediz Bolio ; prólogo, introducción y notas Mercedes de la Garza. |
| 260 |
_aMéxico, D. F. : _bConaculta, _c2001. |
||
| 300 |
_a191 p. : _bil. ; _c21 cm. |
||
| 490 | 1 | _aCien de México | |
| 650 | 4 |
_aMayas _xHistoria. _928325 |
|
| 650 | 4 |
_aIndios de mexico _zYucatan _xHistoria _928326 |
|
| 650 | 4 |
_aMitologia maya _928327 |
|
| 700 | 1 |
_aMediz Bolio, Antonio, _d1884-1957. _etr. _928328 |
|
| 700 | 1 |
_aGarza, Mercedes de la, _epról. _928329 |
|
| 830 | 0 |
_aCien de México _928330 |
|
| 910 | _aCatalogación derivada | ||
| 049 | _aBNGR | ||
| 999 |
_c11649 _d11649 |
||